打開一扇門
| 資料類型: | 圖書 | 書目號: | 34845 |
Leader xxxxxxxxxx 001 __ 84128949 005 __ 19950721195447.0 008 __ chi 010 0_ |a957-8906-37-4|b平裝|dNT﹩160 020 __ |acw|b83012449 050 __ |a83012449 100 __ |a19941222g1995 0chib0109 e. 101 0_ |achi. 102 __ |acw. 105 __ |aa z 000yy. 200 1_ |a打開一扇門|e|f金聖華著. 205 __ |a初版. 210 __ |a臺北市|c月房子|d1995[民84] 215 0_ |a185面|c|d21公分. 225 1_ |a月房子文庫|v2. 260 1_ |a1995. 300 __ |a 681 __ |a855|b8014. 700 _1 |a金|b聖華.|4 702 __ |a|b|4 801 _0 |acw|bPTL|c19950705. |